000 00503nam a2200145 a 4500
001 000049037
005 20201002061613.0
008 190716s1982 dr r 000 0 spa d
040 _aDO-SdBNP
_bspa
_cBNPHU
082 _axxxx
_bxxxx
245 0 0 _aEstatutos :
_baprobados por la decima convención del partido revolucionario dominicano en el mes de diciembre de 1979.
260 _aSanto Domingo :
_bPartido Revolucionario Dominicano,
_c1982.
300 _a48 p. ;
_c22 cm.
590 _aInventariado, 2019/BT
999 _c48525
_d48525